000 00194nam a22000857a 4500
001 1235700
005 20250930154343.0
245 _aEYLÜL'DE AŞKLAR
_cMİNE SOYSAL
260 _bGÜNIŞIĞI YAYINLARI
999 _c1235700
_d1235700